000 00632nam a2200265Ia 4500
005 20260121172245.0
008 008 260114s9999 xx 000 0 eng d
020 _a9783030558215
037 _aEBOOK
040 _aCRL
040 _beng
040 _cCRL
041 _2eng
041 _aeng
084 _qCRL
100 _aTim Legrand
_91086210
245 4 _aThe Architecture of Policy Transfer
260 _bSpringer
260 _bSpringer
260 _c2021
856 _uhttps://link.springer.com/openurl?genre=book&isbn=978-3-030-55821-5
942 _cEBOOK
999 _c1651947
_d1651947